| 000 | 00398nam a2200145Ia 4500 | ||
|---|---|---|---|
| 008 | 151213s9999 xx 000 0 und d | ||
| 100 | _aRoger Leroy Miller | ||
| 245 |
_aAmerican Government _cRoger Leroy Miller |
||
| 260 |
_aChicago _bWational Text Book Company. _c2002 |
||
| 300 | _a1980 p. | ||
| 650 | _aSocial Science | ||
| 650 | _aSocial Science | ||
| 700 | _aRoger Leroy Miller | ||
| 999 |
_c1447 _d1447 |
||